000 00805nam a22002417a 4500
008 130817b xxu||||| |||| 00| 0 eng d
020 _a9-7801-9957-9730
082 _221 ed.
_a342.420853
_bPRI
100 _aEdited by Clayon, Richard
245 _aPrivacy and freedom of expression /
_cEdited by Clayon, Richard and Hugh Tomlinson
250 _a2 ed.
260 _aUK :
_bOxford university press
_c2010
300 _axiv, 393 P. ;
_c24 cm.
500 _aIncludes Index
650 _a Great Britain. Human Rights Act 1998
650 _a Human rights -- Great Britain
650 _a Privacy, Right of -- England
650 _a Privacy, Right of -- Wales
650 _a Freedom of speech -- England
650 _a Freedom of speech -- Wales
700 _a Tomlinson, Hugh
942 _2ddc
_cBK
999 _c5478
_d5478